Inspire Action: (Record no. 163341)

MARC details
000 -LEADER
fixed length control field 00508nam a22001697a 4500
005 - DATE AND TIME OF LATEST TRANSACTION
control field 20190410150721.0
010 ## - LCCN (DPL NO)
LC control number B-163656
020 ## - INTERNATIONAL STANDARD BOOK NUMBER
International Standard Book Number 812591370-X
Terms of availability 180.00
035 ## - SYSTEM CONTROL NUMBER
System control number B-163656
037 ## - SOURCE OF ACQUISITION
Source of stock number/acquisition Vikas Publishing House Pvt. Ltd.
082 ## - DEWEY DECIMAL CLASSIFICATION NUMBER
Classification number 658.3
100 ## - MAIN ENTRY--PERSONAL NAME
Personal name Moss, Geoffrey
245 ## - TITLE STATEMENT
Title Inspire Action:
Remainder of title the trainer's resource book /
Statement of responsibility, etc Geoffrey Moss
260 ## - PUBLICATION, DISTRIBUTION, ETC. (IMPRINT)
Place of publication, distribution, etc New Delhi
Name of publisher, distributor, etc Vikas Publishing House Pvt. Ltd.
Date of publication, distribution, etc 2004
300 ## - PHYSICAL DESCRIPTION
Extent 210p.
Dimensions 22cm(pbk)
942 ## - ADDED ENTRY ELEMENTS (KOHA)
Source of classification or shelving scheme Dewey Decimal Classification
Item type English Books
Classification part 658.3
Call number suffix MOS
Holdings
Withdrawn status Lost status Not for loan Collection code Home library Current library Date acquired Full call number Barcode Koha item type
      Non-fiction Sarojini Nagar Sarojini Nagar 10/04/2019 658.3 MOS B-163656 English Books

© Delhi Public Library
Hit Counter
free hit counter